What's the name in Spanish? - Statistics

General Stats
  • This quiz has been taken 47 times
  • The average score is 13 of 20
Answer Stats
Name in English Name in Spanish % Correct
Edward Eduardo
85%
George Jorge
85%
Mark Marco
85%
Angelica Ángela
80%
Peter Pedro
80%
Emily Emilia
78%
Monica Mónica
78%
Nicholas Nicolás
78%
Sophia Sofía
75%
Andrew Andrés
73%
Charles Carlos
73%
Elizabeth Isabel
73%
Steven/Stephen Esteban
65%
William Guillermo
63%
Susan Susana
58%
Margaret Margarita
48%
James Jaime
40%
Jane Juana
38%
Jessica Yéssica
28%
Nancy Inés
13%
No matching quizzes found
Score Distribution
Percent of People with Each Score
Percentile by Number Answered
Your Score History
You have not taken this quiz